000 01081nam a2200301 i 4500
001 bg
100 1 _aWERON, Aleksander
_d(1945- )
245 1 0 _aInżynieria finansowa :
_bwycena instrumentów pochodnych, symulacje komputerowe, statystyka rynku /
_cAleksander Weron, Rafał Weron.
250 _aWyd. 2.
260 _aWarszawa :
_bWydawnictwa Naukowo-Techniczne,
_c1999.
300 _a432 s. :
_b3 faks., rys., wykr. ;
_c25 cm.
504 _aBibliogr. s. 411-418.
521 _aDla studentów kierunków matematycznych i ekonomicznych, dla specjalistów, pracowników instytucji finansowych, inwestorów indywidualnych.
650 9 _aKomputery
_xstosowanie
_xfinanse
650 9 _aMatematyka finansowa
650 9 _aPapiery wartościowe
650 9 _aRynek finansowy
650 9 _aTransakcja terminowa
655 _aPodręczniki
700 1 _aWERON, Rafał
_d(1971- )
020 _a8320424712
040 _cBPK
041 0 _apl
080 _a336.763/.768:004.94+519.2](07)
920 _a83-204-2471-2
942 _cKS
008 s pl f |000 0 pol
999 _c38281
_d38281
856 _uhttp://koha.tu.koszalin.pl/cgi-bin/koha/opac-detail.pl?biblionumber=38281
_yKatalog online BPK